Normal view
MARC view
- Basher, Mudassar
Entry Personal Name
001 - CONTROL NUMBER
- control field: 16576
003 - CONTROL NUMBER IDENTIFIER
- control field: NUST
005 - DATE AND TIME OF LATEST TRANSACTION
- control field: 20190703105211.0
008 - FIXED-LENGTH DATA ELEMENTS
- fixed length control field: 190703|| aca||aabn | a|a d
040 ## - CATALOGING SOURCE
- Original cataloging agency: NUST
- Transcribing agency: NUST
100 ## - HEADING--PERSONAL NAME
- Personal name: Basher, Mudassar
670 ## - SOURCE DATA FOUND
- Source citation: Work cat.: (NUST): Basher, Mudassar, Baba ji, Chacha Ji ty mian /, 2014.
